Comportamiento electoral y factores asociados a la participación en las elecciones municipales del 2006 /
En este capítulo se aborda el ejercicio de la ciudadanía en el espacio local, particularmente enfocado en las principales características del comportamiento en elecciones municipales y el análisis de un conjunto acotado de factores asociados a la participación electoral ampliamente reconocidos por l...
Spremljeno u:
| Glavni autor: | |
|---|---|
| Format: | Tekst |
| Teme: | |
| Oznake: |
Dodaj oznaku
Bez oznaka, Budi prvi tko označuje ovaj zapis!
|
MARC
| LEADER | 00000 a a2200000 04500 | ||
|---|---|---|---|
| 001 | 40553 | ||
| 003 | |||
| 040 | |||
| 100 | |a Alfaro Redondo, Ronald | ||
| 245 | |a Comportamiento electoral y factores asociados a la participación en las elecciones municipales del 2006 / |c Ronald Alfaro Redondo | ||
| 500 | |a ralfaro@estadonacion.or.cr | ||
| 520 | |a En este capítulo se aborda el ejercicio de la ciudadanía en el espacio local, particularmente enfocado en las principales características del comportamiento en elecciones municipales y el análisis de un conjunto acotado de factores asociados a la participación electoral ampliamente reconocidos por la literatura especializada. Específicamente se alude al comportamiento electoral en los comicios municipales del 2006 y su comparación con la elección del 2002 en Costa Rica. | ||
| 590 | |a DISEMINAR112010/RRA/NOVIEMBRE2010 | ||
| 650 | |a GOBIERNO LOCAL | ||
| 650 | |a COSTA RICA | ||
| 650 | |a ELECCIONES | ||
| 650 | |a VOTACION | ||
| 650 | |a ANALISIS COMPARATIVO | ||
| 650 | |a COMPORTAMIENTO POLITICO | ||
| 650 | |a ABSTENCIONISMO ELECTORAL | ||
| 773 | |g páginas 289-337 : tablas, gráficos | ||
| 999 | |c 22832 |d 22832 | ||
